[Event "45 MFSz im. A.Rubinsteina - B"]
[Site "Polanica Zdroj"]
[Date "2009.08.19"]
[Round "2.29"]
[White "Korcz, Daniel"]
[Black "Szadkowski, Kamil"]
[Result "0-1"]
[WhiteElo "1743"]
[BlackElo "2167"]
[PlyCount "86"]
[EventDate "2009.??.??"]

1. e4 g6 2. d4 Bg7 3. c3 d5 4. e5 c5 5. Bb5+ Nc6 6. f4 Qb6 7. Ba4 cxd4 8. Qxd4
Qa6 9. Na3 Bd7 10. Qd1 Nxe5 11. Bxd7+ Nxd7 12. Qxd5 Ngf6 13. Qc4 Qb6 14. Nf3
O-O 15. Qe2 Nd5 16. Nc4 Qc5 17. Nce5 Nxe5 18. Nxe5 Nxc3 19. Qe3 Qxe3+ 20. Bxe3
Nd5 21. Bd2 Rac8 22. Rc1 Rxc1+ 23. Bxc1 Rc8 24. Kf2 Rc2+ 25. Kf3 e6 26. a3 Bf8
27. Rd1 Kg7 28. Nd3 Be7 29. Rd2 Rc8 30. b4 Bf6 31. Bb2 Bxb2 32. Nxb2 h5 33. h4
Kf6 34. g3 Rc1 35. Rd3 Ke7 36. Nd1 f5 37. Ne3 Nf6 38. Rd4 Rc3 39. Rc4 Rxa3 40.
Ke2 Ne8 41. Rc8 Rb3 42. Rc4 b5 43. Rd4 Nd6 0-1

[Event "45 MFSz im. A.Rubinsteina - B"]
[Site "Polanica Zdroj"]
[Date "2009.08.19"]
[Round "2.30"]
[White "Ziebinski, Bartosz"]
[Black "Zajaczkowski, Gwidon"]
[Result "1-0"]
[WhiteElo "2045"]
[BlackElo "1739"]
[PlyCount "53"]
[EventDate "2009.??.??"]

1. e4 c5 2. Nc3 Nc6 3. g3 Nf6 4. Bg2 d6 5. d3 g6 6. f4 Bg7 7. Nf3 O-O 8. O-O a6
9. h3 b5 10. g4 h5 11. e5 Nxg4 12. hxg4 Bxg4 13. Qe1 d5 14. Nh2 Be6 15. Qf2 Nd4
16. Be3 b4 17. Bxd4 cxd4 18. Ne2 Rc8 19. Nxd4 Qc7 20. a3 a5 21. axb4 axb4 22.
Ra6 g5 23. Rxe6 fxe6 24. Nxe6 Rxf4 25. Nxc7 Rxf2 26. Bxd5+ Kh8 27. Rxf2 {
Biale zrealizowaly przewage} 1-0

[Event "45 MFSz im. A.Rubinsteina - B"]
[Site "Polanica Zdroj"]
[Date "2009.08.19"]
[Round "2.31"]
[White "Ratajczyk, Rafal"]
[Black "Jankowski, Aleksander"]
[Result "1/2-1/2"]
[WhiteElo "1891"]
[BlackElo "1737"]
[PlyCount "83"]
[EventDate "2009.??.??"]

1. e4 e6 2. d4 d5 3. Nd2 Nf6 4. e5 Nfd7 5. Bd3 c5 6. c3 Nc6 7. Ndf3 cxd4 8.
cxd4 f6 9. exf6 Nxf6 10. Ne5 Bd6 11. Ngf3 Qc7 12. Nxc6 Qxc6 13. Ne5 Qc7 14. Bf4
O-O 15. O-O Ne4 16. Qc1 Qxc1 17. Bxc1 Bxe5 18. dxe5 Nc5 19. Bc2 b6 20. Be3 Ba6
21. Rfd1 Rac8 22. Rac1 Rc7 23. b4 Ne4 24. Bxe4 Rxc1 25. Rxc1 dxe4 26. Rc6 Rf7
27. Rxe6 Bc4 28. Re8+ Rf8 29. Rxf8+ Kxf8 30. a3 Ke7 31. f4 exf3 32. gxf3 Ke6
33. Bd4 Kd5 34. Bb2 g6 35. Kf2 Bd3 36. Ke3 Bf5 37. Kf4 h5 38. a4 Ke6 39. Bd4
Kd5 40. Bf2 Bc2 41. Kg5 Kxe5 42. a5 1/2-1/2

[Event "45 MFSz im. A.Rubinsteina - B"]
[Site "Polanica Zdroj"]
[Date "2009.08.19"]
[Round "2.32"]
[White "Gabrys, Sebastian"]
[Black "Grochocinska, Urszula"]
[Result "1-0"]
[WhiteElo "1877"]
[BlackElo "1711"]
[PlyCount "81"]
[EventDate "2009.??.??"]

1. e4 e5 2. Nf3 Nc6 3. Bc4 Nf6 4. Ng5 d5 5. exd5 Na5 6. Bb5+ c6 7. dxc6 bxc6 8.
Be2 h6 9. Nf3 e4 10. Ne5 Bd6 11. d4 exd3 12. Nxd3 O-O 13. O-O Qc7 14. h3 c5 15.
Bf3 Rb8 16. b3 c4 17. bxc4 Nxc4 18. Nd2 Ne5 19. Nb3 Nxf3+ 20. Qxf3 Bb7 21. Qd1
Ne4 22. Bb2 Ng5 23. f4 Qc6 24. Qg4 Bc8 25. Qg3 f6 26. Rfe1 Bb7 27. Nd4 Qd5 28.
Re2 Ba6 29. Nb3 Ne6 30. Rf1 Nc5 31. Qf3 Qf7 32. Rfe1 Nxd3 33. cxd3 Bb7 34. Qe3
Bb4 35. Rd1 Rfe8 36. Qf2 Qh5 37. Nd4 Kh7 38. Nf3 Rxe2 39. Qxe2 Re8 40. Ng5+
fxg5 41. Qxh5 1-0

[Event "45 MFSz im. A.Rubinsteina - B"]
[Site "Polanica Zdroj"]
[Date "2009.08.19"]
[Round "2.33"]
[White "Dadello, Aleksandra"]
[Black "Pac, Maciej"]
[Result "0-1"]
[WhiteElo "1731"]
[BlackElo "1830"]
[PlyCount "94"]
[EventDate "2009.??.??"]

1. e4 c5 2. Nf3 d6 3. d4 cxd4 4. Nxd4 Nf6 5. Nc3 a6 6. Be3 e5 7. Nb3 Be6 8. f3
Be7 9. Qd2 b5 10. g4 b4 11. Ne2 a5 12. g5 Nfd7 13. O-O-O a4 14. Na1 Qa5 15. Kb1
Nc6 16. h4 Nb6 17. Ng3 g6 18. f4 Nc4 19. Bxc4 Bxc4 20. f5 d5 21. exd5 Rd8 22.
Qf2 Rxd5 23. h5 Rxd1+ 24. Rxd1 O-O 25. f6 Rd8 26. Rh1 Bf8 27. Bb6 Qd5 28. Bxd8
Bxa2+ 29. Kc1 Bc5 30. Qe2 a3 31. bxa3 b3 32. Qd3 Bxa3+ 33. Kd2 Qg2+ 34. Kc3 b2
35. Be7 Qxh1 36. Nxh1 bxa1=Q+ 37. Kd2 Qc1+ 38. Ke2 Nd4+ 39. Kf2 Qxc2+ 40. Qxc2
Nxc2 41. Bxa3 Nxa3 42. Ke3 Bd5 43. Ng3 Nc2+ 44. Kd3 Ne1+ 45. Ke2 Nf3 46. hxg6
hxg6 47. Ke3 Nxg5 0-1

[Event "45 MFSz im. A.Rubinsteina - B"]
[Site "Polanica Zdroj"]
[Date "2009.08.19"]
[Round "2.34"]
[White "Kowara, Magdalena"]
[Black "Zysko, Teresa"]
[Result "1-0"]
[WhiteElo "1826"]
[BlackElo "1699"]
[PlyCount "65"]
[EventDate "2009.??.??"]

1. e4 c5 2. Nf3 e6 3. d4 cxd4 4. Nxd4 a6 5. Bd3 Qc7 6. Qe2 Nc6 7. Nb3 Nf6 8. f4
d5 9. e5 Nd7 10. Be3 b5 11. a4 b4 12. a5 Be7 13. O-O O-O 14. N1d2 g6 15. c4
dxc4 16. Nxc4 Bb7 17. Nb6 Nxb6 18. axb6 Qc8 19. Rfc1 Rd8 20. Rc2 Qd7 21. Be4
Kg7 22. Bc5 Bxc5+ 23. Nxc5 Nd4 24. Qc4 Nxc2 25. Nxd7 Nxa1 26. Bxb7 Rxd7 27.
Bxa8 Rd1+ 28. Kf2 Rd2+ 29. Ke1 Rxb2 30. Qc1 Ra2 31. b7 b3 32. b8=Q Nc2+ 33. Kd1
1-0

[Event "45 MFSz im. A.Rubinsteina - B"]
[Site "Polanica Zdroj"]
[Date "2009.08.19"]
[Round "2.35"]
[White "Chmielewska, Joanna"]
[Black "Labuda, Michal"]
[Result "1-0"]
[WhiteElo "1713"]
[BlackElo "1816"]
[PlyCount "67"]
[EventDate "2009.??.??"]

1. e4 c5 2. Nf3 d6 3. d4 cxd4 4. Nxd4 Nf6 5. Nc3 a6 6. f4 e5 7. Nf3 Nbd7 8. Bd3
Be7 9. O-O O-O 10. Qe1 exf4 11. Kh1 Nc5 12. Bxf4 b5 13. a3 Re8 14. Bg5 Bb7 15.
e5 Nxd3 16. cxd3 Ng4 17. e6 f6 18. Bd2 Ne5 19. Nh4 Nxd3 20. Qg3 Ne5 21. Rae1
Qc8 22. Nf5 g6 23. h4 Qxe6 24. h5 g5 25. Ne2 Rac8 26. Ned4 Qd7 27. Nxe7+ Qxe7
28. Nf5 Qd7 29. Bxg5 Ng6 30. Rxe8+ Rxe8 31. Bxf6 Re2 32. Ne3 Qc6 33. hxg6 Rxe3
34. gxh7+ 1-0

[Event "45 MFSz im. A.Rubinsteina - B"]
[Site "Polanica Zdroj"]
[Date "2009.08.19"]
[Round "2.36"]
[White "Klimek, Marcin"]
[Black "Stepniewski, Jerzy"]
[Result "1-0"]
[WhiteElo "1701"]
[BlackElo "1814"]
[PlyCount "67"]
[EventDate "2009.??.??"]

1. e4 g6 2. d4 Bg7 3. Nc3 d6 4. Be3 e6 5. Qd2 a6 6. Bd3 b6 7. Nge2 Bb7 8. O-O
Nd7 9. f4 Ngf6 10. h3 O-O 11. f5 exf5 12. exf5 Nd5 13. Nxd5 Bxd5 14. c4 Bb7 15.
Bg5 f6 16. Bh6 g5 17. Bxg7 Kxg7 18. d5 Ne5 19. Nd4 Bc8 20. Rf2 h6 21. Raf1 Bd7
22. Ne6+ Bxe6 23. fxe6 Qe8 24. Bb1 a5 25. Qc2 Qg6 26. Rf5 Rae8 27. Qf2 Nxc4 28.
Rf4 Qxb1 29. Rxb1 gxf4 30. Qxf4 Ne5 31. Rc1 Re7 32. Rc3 f5 33. Qh4 Ng6 34. Rg3
{I biale zrealizowaly przewage.} 1-0

[Event "45 MFSz im. A.Rubinsteina - B"]
[Site "Polanica Zdroj"]
[Date "2009.08.19"]
[Round "2.37"]
[White "Malec, Robert"]
[Black "Oszczanowski, Witold"]
[Result "1/2-1/2"]
[WhiteElo "1810"]
[BlackElo "1679"]
[PlyCount "80"]
[EventDate "2009.??.??"]

1. e4 c5 2. Nf3 d6 3. d4 cxd4 4. Nxd4 Nf6 5. Nc3 g6 6. Be3 Bg7 7. Bc4 O-O 8. h3
Nc6 9. Bb3 Bd7 10. O-O Rc8 11. f4 a6 12. Re1 b5 13. a3 Qc7 14. Nxc6 Bxc6 15.
Nd5 Bxd5 16. exd5 Nd7 17. c3 Nc5 18. Bc2 Rfe8 19. f5 Nd7 20. Kh1 Ne5 21. Bd4
Nc4 22. Bxg7 Kxg7 23. Qd4+ Kg8 24. fxg6 hxg6 25. Qg4 Ne5 26. Qg5 Kg7 27. Rad1
Rh8 28. Rd4 Rh5 29. Qg3 Rb8 30. Bd1 Rh6 31. Ree4 Rb7 32. Qg5 Rb8 33. Be2 Rbh8
34. a4 Qd7 35. Rh4 f6 36. Qg3 Rxh4 37. Rxh4 Rxh4 38. Qxh4 Qb7 39. axb5 axb5 40.
Qb4 Qxd5 1/2-1/2

[Event "45 MFSz im. A.Rubinsteina - B"]
[Site "Polanica Zdroj"]
[Date "2009.08.19"]
[Round "2.38"]
[White "Szymczak, Paula"]
[Black "Prazmowski, Bartosz"]
[Result "0-1"]
[WhiteElo "1674"]
[BlackElo "1807"]
[PlyCount "82"]
[EventDate "2009.??.??"]

1. e4 c6 2. d4 d5 3. Nc3 dxe4 4. Nxe4 Bf5 5. Nc5 b6 6. Nb3 Nf6 7. Nf3 e6 8. Bd3
Bxd3 9. Qxd3 Nbd7 10. O-O Be7 11. c4 O-O 12. Be3 Rc8 13. Rac1 Qc7 14. Ng5 Rfd8
15. f4 Nf8 16. c5 b5 17. Nd2 Rd5 18. f5 exf5 19. Rxf5 Qd7 20. Rxd5 Nxd5 21.
Ndf3 Nxe3 22. Qxe3 Bxg5 23. Nxg5 Re8 24. Qf2 Ne6 25. Nf3 f6 26. Re1 Nf4 27. Re3
Re7 28. Qe1 Qg4 29. Nh4 Ne2+ 30. Qxe2 Qxe2 31. Rxe2 Rxe2 32. Nf5 Kf7 33. Nd6+
Ke6 34. Nb7 Rxb2 35. Nd8+ Kd5 36. Nf7 Kxd4 37. Nd6 Rxa2 38. Nf5+ Kxc5 39. Nxg7
b4 40. Ne6+ Kc4 41. Nf4 b3 0-1

[Event "45 MFSz im. A.Rubinsteina - B"]
[Site "Polanica Zdroj"]
[Date "2009.08.19"]
[Round "2.39"]
[White "Zak, Pawel"]
[Black "Szolc, Grzegorz"]
[Result "0-1"]
[WhiteElo "1792"]
[BlackElo "1644"]
[PlyCount "107"]
[EventDate "2009.??.??"]

1. f4 d5 2. Nf3 c5 3. e3 Nf6 4. Be2 e6 5. O-O Be7 6. d3 O-O 7. Nbd2 Qb6 8. c4
Nc6 9. Kh1 Rd8 10. h3 Qc7 11. b3 dxc4 12. Nxc4 b5 13. Nce5 Bb7 14. Bb2 Nd5 15.
Qc1 f6 16. Ng4 a6 17. e4 Nxf4 18. Qe3 Nxe2 19. Qxe2 Rd7 20. e5 f5 21. Nf6+ gxf6
22. exf6 Bf8 23. Qxe6+ Rf7 24. Qxf5 Bh6 25. Qxc5 Qg3 26. Qf2 Qxf2 27. Rxf2 Rd8
28. Rd1 Be3 29. Rff1 Bd4 30. Bxd4 Nxd4 31. Ng5 Rff8 32. Rf4 h6 33. f7+ Kg7 34.
Rxd4 hxg5 35. Rg4 Kxf7 36. Rxg5 Rg8 37. Rxg8 Rxg8 38. Rd2 Kf6 39. Re2 Rg3 40.
Rd2 Rxh3+ 41. Kg1 Rg3 42. Kh2 Rg6 43. Re2 Kf5 44. g3 Rh6+ 45. Kg1 Rh1+ 46. Kf2
Rh2+ 47. Ke3 Rxe2+ 48. Kxe2 Ke5 49. Ke3 Bd5 50. g4 Be6 51. d4+ Kd5 52. g5 Bf5
53. b4 Bg6 54. a3 0-1

[Event "45 MFSz im. A.Rubinsteina - B"]
[Site "Polanica Zdroj"]
[Date "2009.08.19"]
[Round "2.40"]
[White "Ziemba, Artur"]
[Black "Kozera, Aleksandra"]
[Result "0-1"]
[WhiteElo "1638"]
[BlackElo "1788"]
[PlyCount "120"]
[EventDate "2009.??.??"]

1. d4 Nf6 2. c4 g6 3. Nc3 Bg7 4. e4 d6 5. f3 O-O 6. Be3 e5 7. d5 Nbd7 8. Qd2
Ne8 9. O-O-O c6 10. g4 Ndf6 11. h4 h5 12. gxh5 Nxh5 13. Nge2 Qa5 14. Bg5 Qc7
15. Bh6 a6 16. Bxg7 Kxg7 17. f4 cxd5 18. cxd5 b5 19. Kb1 Bd7 20. Rc1 Qb6 21.
fxe5 dxe5 22. Nd1 Nd6 23. Bg2 Nc4 24. Qe1 Rac8 25. Bf3 Rh8 26. Nf2 Qe3 27. Bxh5
Rxh5 28. Nc3 Qxe1 29. Rcxe1 Nd2+ 30. Kc2 Nf3 31. Re3 Nxh4 32. Kb3 f6 33. Rg3
Rhh8 34. Ne2 a5 35. a3 g5 36. Rc1 Rxc1 37. Nxc1 Rc8 38. Ncd3 Ng6 39. Nd1 Nf4
40. N1f2 Ne2 41. Rg2 Nd4+ 42. Ka2 Rc2 43. Rg1 Nf3 44. Rg3 Nd4 45. Rg1 a4 46.
Kb1 Rc4 47. Ka2 Nb3 48. Re1 Be8 49. Nd1 Nc1+ 50. Nxc1 Rxc1 51. Rf1 Bg6 52. d6
Bf7+ 53. b3 Bxb3+ 54. Kb2 Rc2+ 55. Kb1 Rd2 56. Ne3 Be6 57. Rd1 Rxd1+ 58. Nxd1
Kf7 59. Nc3 Bd7 60. Nd5 Ke6 {I czarne wygraly.} 0-1

[Event "45 MFSz im. A.Rubinsteina - B"]
[Site "Polanica Zdroj"]
[Date "2009.08.19"]
[Round "2.41"]
[White "Ulanowski, Karol"]
[Black "Kustal, Emilia"]
[Result "1-0"]
[WhiteElo "1777"]
[BlackElo "1603"]
[PlyCount "59"]
[EventDate "2009.??.??"]

1. e4 e6 2. d4 d5 3. Nc3 Nf6 4. e5 Nfd7 5. f4 c5 6. Nf3 Nc6 7. Be3 a6 8. dxc5
Bxc5 9. Bxc5 Nxc5 10. Nd4 Nd7 11. Qd2 Ndxe5 12. O-O-O Nd7 13. f5 Nxd4 14. Qxd4
Qg5+ 15. Kb1 O-O 16. g4 Nf6 17. Be2 exf5 18. h4 Qg6 19. g5 Ne4 20. Nxd5 Qd6 21.
Bf3 Qc5 22. Qe5 Qc4 23. Rd4 Qb5 24. Bxe4 fxe4 25. Qxe4 Re8 26. Qg2 Re2 27. Nf6+
gxf6 28. gxf6+ Rxg2 29. Rd8+ Qe8 30. Rxe8# 1-0

[Event "45 MFSz im. A.Rubinsteina - B"]
[Site "Polanica Zdroj"]
[Date "2009.08.19"]
[Round "2.42"]
[White "Wrzalek, Piotr"]
[Black "Wozniak, Bartosz"]
[Result "1-0"]
[WhiteElo "1600"]
[BlackElo "1770"]
[PlyCount "79"]
[EventDate "2009.??.??"]

1. e4 c5 2. Nf3 d6 3. d4 cxd4 4. Nxd4 Nf6 5. Nc3 g6 6. Be3 Bg7 7. f3 O-O 8. Qd2
Nc6 9. O-O-O d5 10. Nxc6 bxc6 11. exd5 Nxd5 12. Nxd5 cxd5 13. Qxd5 Qc7 14. Qc5
Qb7 15. c3 Bf5 16. Bd3 Rab8 17. Qa3 Qd5 18. Bxf5 Qxf5 19. Qc5 Qe6 20. Bf4 Rb6
21. Qd5 Qf6 22. Bg5 Qe6 23. Qxe6 Rxe6 24. Rhe1 Rxe1 25. Rxe1 e6 26. Rd1 Be5 27.
g3 Kg7 28. Rd7 Ra8 29. Be3 a6 30. Bd4 Bxd4 31. Rxd4 Kf6 32. Kc2 Ke7 33. Rb4 Ra7
34. Rd4 h5 35. c4 Rc7 36. Kc3 e5 37. Rd5 Ke6 38. b4 Ra7 39. a4 f5 40. Ra5 1-0

[Event "45 MFSz im. A.Rubinsteina - B"]
[Site "Polanica Zdroj"]
[Date "2009.08.19"]
[Round "2.43"]
[White "Reichert, Jakub"]
[Black "Wozniak, Grzegorz"]
[Result "0-1"]
[WhiteElo "1760"]
[BlackElo "1570"]
[PlyCount "72"]
[EventDate "2009.??.??"]

1. d4 Nf6 2. c4 c5 3. d5 b5 4. cxb5 a6 5. bxa6 Bxa6 6. Nc3 g6 7. e4 Bxf1 8.
Kxf1 d6 9. Nge2 Bg7 10. g3 O-O 11. Kg2 Nbd7 12. Bf4 Qa5 13. Rb1 Rfb8 14. a4 Ne8
15. Qc2 Nc7 16. b3 Rb7 17. h4 h5 18. f3 Rab8 19. Bd2 Qa6 20. Rb2 Ne5 21. Nc1
Nc4 22. Ra2 Nxd2 23. Qxd2 Qa5 24. Nb1 Qa6 25. Na3 Rb4 26. Nc4 Kh7 27. g4 Bh6
28. g5 Bg7 29. f4 Rxb3 30. Nxb3 Qxc4 31. Nc1 Qxe4+ 32. Kh2 Nxd5 33. Rf1 Bd4 34.
Qg2 Qf5 35. Ne2 Ne3 36. Nxd4 cxd4 0-1

[Event "45 MFSz im. A.Rubinsteina - B"]
[Site "Polanica Zdroj"]
[Date "2009.08.19"]
[Round "2.44"]
[White "Ostalska, Natalia"]
[Black "Eggink, Mateusz"]
[Result "0-1"]
[WhiteElo "1530"]
[BlackElo "1756"]
[PlyCount "56"]
[EventDate "2009.??.??"]

1. e4 c5 2. c3 d5 3. exd5 Qxd5 4. d4 Nc6 5. Nf3 Bg4 6. dxc5 Qxd1+ 7. Kxd1
O-O-O+ 8. Nbd2 e5 9. b4 Nf6 10. Kc2 Bf5+ 11. Kb2 Ng4 12. Ng5 Nxf2 13. Nxf7 Nxh1
14. Nxh8 Nf2 15. Nf7 Rd7 16. Ng5 Nd1+ 17. Kb3 Ne3 18. a4 h6 19. Ngf3 g5 20. Bb5
Be6+ 21. Kb2 Bg7 22. g3 Rf7 23. Nxg5 hxg5 24. Ne4 Nd1+ 25. Ka3 Nd4 26. Ra2
Nxb5+ 27. axb5 Bxa2 28. Kxa2 Rf3 0-1

[Event "45 MFSz im. A.Rubinsteina - B"]
[Site "Polanica Zdroj"]
[Date "2009.08.19"]
[Round "2.45"]
[White "Szusterowski, Przemyslaw"]
[Black "Kwasniewski, Pawel"]
[Result "1-0"]
[WhiteElo "1750"]
[BlackElo "1470"]
[PlyCount "45"]
[EventDate "2009.??.??"]

1. e4 d5 2. exd5 Qxd5 3. Nc3 Qa5 4. d4 Bf5 5. Bc4 e6 6. Nf3 Bd6 7. Bd2 c6 8.
O-O Qc7 9. Re1 Nf6 10. Bg5 Nbd7 11. d5 cxd5 12. Nb5 Qb8 13. Bxd5 O-O 14. Nxd6
Qxd6 15. Bxb7 Qxd1 16. Raxd1 Rab8 17. Bc6 e5 18. Nxe5 Nxe5 19. Rxe5 Bxc2 20.
Rde1 Rfd8 21. h3 Bg6 22. b3 Rd2 23. Bxd2 1-0

[Event "45 MFSz im. A.Rubinsteina - B"]
[Site "Polanica Zdroj"]
[Date "2009.08.19"]
[Round "2.46"]
[White "Wisniewski, Michal"]
[Black "Kowalczyk, Adam"]
[Result "1/2-1/2"]
[WhiteElo "1456"]
[BlackElo "1745"]
[PlyCount "90"]
[EventDate "2009.??.??"]

1. e4 c5 2. Nf3 e6 3. c4 Nc6 4. Nc3 a6 5. g3 g6 6. Bg2 Bg7 7. O-O Nge7 8. d3
O-O 9. Be3 d6 10. d4 Qa5 11. Rc1 Rd8 12. b3 b5 13. cxb5 axb5 14. Rc2 Ba6 15.
Re1 Rac8 16. Ne2 Nxd4 17. Nexd4 cxd4 18. Rxc8 Rxc8 19. Bxd4 Bxd4 20. Nxd4 Qxa2
21. Qa1 Qxa1 22. Rxa1 Nc6 23. Nxe6 fxe6 24. Rxa6 Nd4 25. Rxd6 Nxb3 26. Bh3 Nc5
27. Rxe6 Rb8 28. Re5 Na4 29. Bd7 Nc3 30. f3 b4 31. Rc5 Kf8 32. Be6 b3 33. Rxc3
b2 34. Ba2 Ra8 35. Bb1 Ra1 36. Kg2 Rxb1 37. Rb3 Ke7 38. Kh3 Kd6 39. Kh4 h6 40.
f4 Kc5 41. f5 gxf5 42. exf5 Kc4 43. Rb8 Kc3 44. Rc8+ Kd4 45. Rb8 Kc3 1/2-1/2

[Event "45 MFSz im. A.Rubinsteina - B"]
[Site "Polanica Zdroj"]
[Date "2009.08.20"]
[Round "3.1"]
[White "Kowalczyk, Pawel"]
[Black "Spyra, Wojciech"]
[Result "1-0"]
[WhiteElo "2103"]
[BlackElo "2000"]
[PlyCount "63"]
[EventDate "2009.??.??"]

1. d4 d5 2. c4 e6 3. Nc3 Nf6 4. Nf3 Nbd7 5. Bg5 Be7 6. e3 O-O 7. Qc2 a6 8. Rc1
dxc4 9. Bxc4 b5 10. Bd3 Bb7 11. Ne5 h6 12. Nxd7 Qxd7 13. Bxf6 Bxf6 14. Ne4 Bxe4
15. Bxe4 Rad8 16. O-O e5 17. d5 Rc8 18. Bf5 Qxd5 19. Bxc8 Rxc8 20. b3 e4 21.
Qc6 Qf5 22. Rc5 Qg6 23. Rd1 Qg4 24. Qd7 Qxd7 25. Rxd7 c6 26. Rd6 Be7 27. Rcxc6
Rb8 28. Rd7 Bf6 29. g3 a5 30. Ra7 b4 31. Rxa5 Bc3 32. Rc4 1-0

[Event "45 MFSz im. A.Rubinsteina - B"]
[Site "Polanica Zdroj"]
[Date "2009.08.20"]
[Round "3.2"]
[White "Szadkowski, Krzysztof"]
[Black "Wasik, Piotr"]
[Result "1-0"]
[WhiteElo "2100"]
[BlackElo "1976"]
[PlyCount "59"]
[EventDate "2009.??.??"]

1. e4 c5 2. Nf3 e6 3. c3 Nf6 4. e5 Nd5 5. d4 cxd4 6. cxd4 d6 7. Bc4 Nc6 8. O-O
Be7 9. a3 Qc7 10. Qe2 b6 11. Bd2 Bb7 12. Rc1 dxe5 13. dxe5 O-O 14. Nc3 Nxc3 15.
Rxc3 Rac8 16. Rac1 Qb8 17. Bd3 g6 18. Bb5 Qa8 19. Ba6 Rc7 20. Bxb7 Qxb7 21. Qe4
Na5 22. Qxb7 Rxb7 23. b4 Rd8 24. bxa5 bxa5 25. Rc7 Rxc7 26. Rxc7 Bxa3 27. Rxa7
Bb4 28. Bxb4 axb4 29. Kf1 Rb8 30. Ra2 1-0

[Event "45 MFSz im. A.Rubinsteina - B"]
[Site "Polanica Zdroj"]
[Date "2009.08.20"]
[Round "3.4"]
[White "Usatiuk, Igor"]
[Black "Szusterowski, Radoslaw"]
[Result "0-1"]
[WhiteElo "2061"]
[BlackElo "1969"]
[PlyCount "62"]
[EventDate "2009.??.??"]

1. d4 Nf6 2. c4 c5 3. d5 e6 4. Nc3 exd5 5. cxd5 d6 6. e4 g6 7. h3 Bg7 8. Be3
O-O 9. Nf3 Re8 10. Nd2 a6 11. a4 Nxe4 12. Ndxe4 f5 13. Nxc5 dxc5 14. Be2 Qd6
15. Qd2 Be5 16. f4 Bg7 17. O-O Rxe3 18. Qxe3 Bd4 19. Rf3 Nd7 20. g3 Nf6 21. Rd1
Bxe3+ 22. Rxe3 Bd7 23. Bc4 Re8 24. Rde1 Rxe3 25. Rxe3 b5 26. axb5 axb5 27. Nxb5
Bxb5 28. Bxb5 Qxd5 29. b3 Qd4 30. Bc4+ Kg7 31. Kf2 Ne4+ 0-1

[Event "45 MFSz im. A.Rubinsteina - B"]
[Site "Polanica Zdroj"]
[Date "2009.08.20"]
[Round "3.5"]
[White "Jagiela, Piotr"]
[Black "Gromczak, Dariusz"]
[Result "1-0"]
[WhiteElo "1939"]
[BlackElo "2057"]
[PlyCount "165"]
[EventDate "2009.??.??"]

1. c4 Nf6 2. Nc3 g6 3. g3 Bg7 4. Bg2 d6 5. d4 O-O 6. e4 e5 7. dxe5 dxe5 8. Be3
c6 9. Nf3 Qe7 10. Qe2 Ng4 11. Bg5 f6 12. Bd2 Na6 13. O-O Be6 14. h3 Nh6 15. a3
Qf7 16. b3 Nc5 17. Qd1 Rfd8 18. Qc2 Qd7 19. g4 Qd3 20. Qxd3 Rxd3 21. Rab1 Rad8
22. Be3 Bf8 23. Rfc1 Na6 24. b4 b6 25. Bf1 R3d7 26. g5 Nf7 27. gxf6 h6 28. c5
b5 29. Nxb5 cxb5 30. Bxb5 Nb8 31. Bxd7 Rxd7 32. Kg2 Nc6 33. a4 Nd4 34. Nxd4
exd4 35. Bf4 g5 36. Bg3 Rd8 37. Rb2 d3 38. Rd2 Bb3 39. Ra1 Bc2 40. e5 Re8 41.
Re1 Re6 42. Re3 a5 43. bxa5 Bxc5 44. Re4 Nd8 45. Rc4 Nb7 46. Rdxc2 dxc2 47.
Rxc2 Kf7 48. Rb2 Nxa5 49. Rb5 Bb6 50. f4 gxf4 51. Bxf4 h5 52. Rd5 Nc4 53. Kf3
Kg6 54. Ke4 Bc7 55. Rc5 Bxe5 56. Bxe5 Nxe5 57. Rxe5 Rxf6 58. h4 Rf1 59. Kd5 Kf6
60. Rxh5 Ra1 61. Rh6+ Ke7 62. Rh7+ Kf6 63. Ra7 Rh1 64. Rh7 Ra1 65. Rh6+ Ke7 66.
Re6+ Kf7 67. Re4 Kf6 68. Kc5 Kf5 69. Rb4 Ke5 70. Kb6 Rg1 71. h5 Rg8 72. Rb5+
Kd6 73. h6 Rb8+ 74. Ka5 Ra8+ 75. Kb4 Rf8 76. Rh5 Rb8+ 77. Kc4 Rh8 78. h7 Kc6
79. a5 Kc7 80. a6 Kb6 81. Rh6+ Ka7 82. Kc5 Ka8 83. Kd6 1-0

[Event "45 MFSz im. A.Rubinsteina - B"]
[Site "Polanica Zdroj"]
[Date "2009.08.20"]
[Round "3.6"]
[White "Wozniak, Dawid"]
[Black "Goluch, Piotr"]
[Result "1-0"]
[WhiteElo "1894"]
[BlackElo "2040"]
[PlyCount "75"]
[EventDate "2009.??.??"]

1. d4 Nf6 2. c4 c5 3. dxc5 Qa5+ 4. Nc3 Qxc5 5. e3 g6 6. Qc2 Bg7 7. Nf3 O-O 8.
Bd3 Nc6 9. a3 d6 10. Bd2 Bg4 11. Be2 Bxf3 12. b4 Qe5 13. Bxf3 Nd4 14. Qd1 Nxf3+
15. Qxf3 Ne4 16. Rc1 Nxd2 17. Kxd2 d5 18. c5 a5 19. Qf4 Qe6 20. Nb5 Qd7 21. a4
e5 22. Qh4 d4 23. bxa5 Rxa5 24. Ra1 e4 25. Rhd1 d3 26. Ra3 Rxb5 27. axb5 Qxb5
28. Ke1 Qb4+ 29. Kf1 Qxa3 30. Qxe4 Rd8 31. Qe7 Rc8 32. Qd7 Qxc5 33. Rxd3 b5 34.
h4 b4 35. Kg1 Qc7 36. Qg4 Qc4 37. Rd8+ Rxd8 38. Qxc4 1-0

[Event "45 MFSz im. A.Rubinsteina - B"]
[Site "Polanica Zdroj"]
[Date "2009.08.20"]
[Round "3.8"]
[White "Bes, Michal"]
[Black "Lach, Piotr"]
[Result "0-1"]
[WhiteElo "1983"]
[BlackElo "2148"]
[PlyCount "42"]
[EventDate "2009.??.??"]

1. d4 f5 2. Bg5 g6 3. Nc3 Bg7 4. e4 fxe4 5. Nxe4 d5 6. Ng3 Nc6 7. Nf3 Nh6 8.
Qd2 Nf7 9. Bf4 Bg4 10. Bb5 Bxf3 11. gxf3 O-O 12. c3 e5 13. dxe5 Ncxe5 14. O-O-O
c6 15. Be2 Qh4 16. Kb1 Rac8 17. Be3 Nd6 18. Bg5 Qa4 19. h4 Nxf3 20. Bxf3 Rxf3
21. h5 Nc4 0-1

[Event "45 MFSz im. A.Rubinsteina - B"]
[Site "Polanica Zdroj"]
[Date "2009.08.20"]
[Round "3.10"]
[White "Golek, Jagoda"]
[Black "Blaszkiewicz, Mateusz"]
[Result "1-0"]
[WhiteElo "2040"]
[BlackElo "1898"]
[PlyCount "65"]
[EventDate "2009.??.??"]

1. e4 e5 2. Nf3 Nc6 3. Bc4 Bc5 4. O-O Nf6 5. d3 O-O 6. c3 d6 7. b4 Bb6 8. a4 a6
9. Bb3 Ne7 10. Be3 c6 11. Nbd2 Bc7 12. d4 exd4 13. cxd4 Ng6 14. Qc2 Be6 15.
Rac1 Bxb3 16. Nxb3 Rc8 17. h3 Re8 18. Nfd2 Qe7 19. f3 Nh5 20. Rce1 Nhf4 21. Rf2
Qg5 22. Kh2 Qh4 23. Nf1 d5 24. Kg1 dxe4 25. fxe4 Rxe4 26. Nbd2 Re7 27. Nf3
Nxh3+ 28. gxh3 Qxh3 29. Ng5 Qh4 30. Qf5 Rce8 31. Rd1 f6 32. Nf3 Qe4 33. Qh3 1-0

[Event "45 MFSz im. A.Rubinsteina - B"]
[Site "Polanica Zdroj"]
[Date "2009.08.20"]
[Round "3.12"]
[White "Mondrzycki, Bartlomiej"]
[Black "Lukasiewicz, Aleksander"]
[Result "1-0"]
[WhiteElo "2021"]
[BlackElo "1852"]
[PlyCount "97"]
[EventDate "2009.??.??"]

1. e4 e5 2. f4 exf4 3. Bc4 d6 4. d4 Nf6 5. Nc3 Be7 6. Bxf4 O-O 7. Qd3 Nc6 8. a3
a6 9. Nf3 b5 10. Ba2 Bb7 11. O-O b4 12. Nd5 bxa3 13. bxa3 Nb8 14. Nxe7+ Qxe7
15. e5 dxe5 16. Bxe5 Nc6 17. Rae1 Nxe5 18. Rxe5 Qd7 19. Ng5 Qg4 20. g3 h6 21.
Nxf7 Rxf7 22. Be6 Be4 23. Rxe4 Qxe4 24. Qxe4 Nxe4 25. Bxf7+ Kh7 26. Bd5 Re8 27.
Bc6 Re6 28. Bd5 Re8 29. Re1 Nf6 30. Rxe8 Nxe8 31. Kf2 Kg6 32. Ke3 Nd6 33. c4
Kg5 34. c5 Nf5+ 35. Ke4 h5 36. Be6 Ne7 37. d5 Kf6 38. Bh3 g5 39. d6 cxd6 40.
cxd6 Nc6 41. Kd5 Nd8 42. Bc8 a5 43. h3 h4 44. g4 Kf7 45. Ke5 Kg6 46. Ba6 Nc6+
47. Ke6 Nd4+ 48. Ke7 Nc6+ 49. Ke8 1-0

[Event "45 MFSz im. A.Rubinsteina - B"]
[Site "Polanica Zdroj"]
[Date "2009.08.20"]
[Round "3.14"]
[White "Borowicz, Przemyslaw"]
[Black "Warchol, Maria"]
[Result "1/2-1/2"]
[WhiteElo "2009"]
[BlackElo "1834"]
[PlyCount "56"]
[EventDate "2009.??.??"]

1. d4 d5 2. c4 e6 3. Nc3 c6 4. Nf3 dxc4 5. a4 Bb4 6. e3 b5 7. Bd2 Qe7 8. Qc2
Bb7 9. axb5 Bxc3 10. Qxc3 cxb5 11. b3 Nf6 12. bxc4 Ne4 13. Qb3 Nxd2 14. Nxd2
bxc4 15. Bxc4 O-O 16. O-O Nc6 17. Rfb1 Rab8 18. Ne4 Qc7 19. Qc2 Nxd4 20. exd4
Bxe4 21. Qxe4 Rxb1+ 22. Rxb1 Qxc4 23. h3 g6 24. Qe5 Qd5 25. Qxd5 exd5 26. Ra1
Rc8 27. Ra5 Ra8 28. Kf1 Kf8 1/2-1/2